|
|
|
|
| LEADER |
00000nam0a2200000 4500 |
| 001 |
76325 |
| 005 |
20231031091611.0 |
| 035 |
|
|
|a (RuTPU)RU\TPU\book\81600
|
| 090 |
|
|
|a 76325
|
| 100 |
|
|
|a 20050416d1966 k y0rusy50 ca
|
| 101 |
0 |
|
|a rus
|
| 102 |
|
|
|a RU
|
| 105 |
|
|
|a a z 000zy
|
| 200 |
1 |
|
|a Информационные материалы по гидрометеорологическим приборам и методам наблюдений
|e сборник статей
|h Вып. 26
|f Главное управление гидрометеорологической службы при Совете Министров СССР, Научно-исследовательский институт гидрометеорологического приборостроения
|
| 210 |
|
|
|a Москва
|c Гидрометеоиздат
|d 1966
|
| 215 |
|
|
|a 96 с.
|c ил.
|
| 610 |
1 |
|
|a гидрометеорология
|
| 610 |
1 |
|
|a гидрометеорологические измерения
|
| 610 |
1 |
|
|a гидрометеорологические приборы
|
| 610 |
1 |
|
|a методы наблюдения
|
| 610 |
1 |
|
|a приборостроение
|
| 610 |
1 |
|
|a изобретательство
|
| 610 |
1 |
|
|a рационализация
|
| 675 |
|
|
|a 551.5
|v 3
|
| 712 |
0 |
2 |
|a Научно-исследовательский институт гидрометеорологического приборостроения
|
| 712 |
0 |
1 |
|a СССР
|b Главное управление Гидрометеорологической службы (ГУГМС)
|c (Москва)
|c (1936-1978)
|2 stltpush
|3 (RuTPU)RU\TPU\col\7663
|
| 801 |
|
1 |
|a RU
|b 63413507
|c 20050416
|g PSBO
|
| 801 |
|
2 |
|a RU
|b 63413507
|c 20141023
|g PSBO
|
| 942 |
|
|
|c BK
|